South Eastern Kenya University

Library Online Public Access Catalogue


Administering medications : (Record no. 1522)

MARC details
000 -LEADER
fixed length control field 00685cam a22002054a 4500
020 ## - INTERNATIONAL STANDARD BOOK NUMBER
International Standard Book Number 9780073520858
020 ## - INTERNATIONAL STANDARD BOOK NUMBER
International Standard Book Number 0073520853
050 00 - LIBRARY OF CONGRESS CALL NUMBER
Classification number RM147
Item number .B39 2008
100 1# - MAIN ENTRY--PERSONAL NAME
Personal name Gauwitz, Donna F.
245 10 - TITLE STATEMENT
Title Administering medications :
Remainder of title pharmacology for health careers
Statement of responsibility, etc. Donna F. Gauwitz.
250 ## - EDITION STATEMENT
Edition statement 6th ed.
260 ## - PUBLICATION, DISTRIBUTION, ETC. (IMPRINT)
Place of publication, distribution, etc. Boston :
Name of publisher, distributor, etc. McGraw Hill,
Date of publication, distribution, etc. 2008.
300 ## - PHYSICAL DESCRIPTION
Extent xxvii, 532 p.
500 ## - GENERAL NOTE
General note Includes index.
650 #0 - SUBJECT ADDED ENTRY--TOPICAL TERM
General subdivision Administration.
650 12 - SUBJECT ADDED ENTRY--TOPICAL TERM
General subdivision administration & dosage
Form subdivision Programmed Instruction.
856 41 - ELECTRONIC LOCATION AND ACCESS
Uniform Resource Identifier <a href="http://www.loc.gov/catdir/enhancements/fy0740/2007030505-t.html">http://www.loc.gov/catdir/enhancements/fy0740/2007030505-t.html</a>
856 42 - ELECTRONIC LOCATION AND ACCESS
Uniform Resource Identifier <a href="http://www.loc.gov/catdir/enhancements/fy0743/2007030505-d.html">http://www.loc.gov/catdir/enhancements/fy0743/2007030505-d.html</a>
942 ## - ADDED ENTRY ELEMENTS (KOHA)
Koha item type General circulation
Holdings
Withdrawn status Lost status Source of classification or shelving scheme Damaged status Not for loan Home library Current library Date acquired Cost, normal purchase price Total Checkouts Full call number Barcode Date last seen Cost, replacement price Price effective from Koha item type Public note Date last checked out Shelving location
    Library of Congress Classification     Kitui Town Campus Library Kitui Town Campus Library 24/04/2015 2518.65   RM147 .B39 2008 2026/029355 24/04/2015 3018.65 24/04/2015 General circulation dm   General Stacks
    Library of Congress Classification     Main Campus Library Main Campus Library 21/08/2014 2518.65   RM147 .B39 2008 2019/024470 21/08/2014 3018.65 21/08/2014 General circulation kim    
    Library of Congress Classification     Main Campus Library Main Campus Library 21/08/2014 2518.65 1 RM147 .B39 2008 2019/024452 12/02/2015 3018.65   General circulation kim 28/01/2015  
    Library of Congress Classification     Main Campus Library Main Campus Library 21/08/2014 2518.65   RM147 .B39 2008 2019/024469 21/08/2014 3018.65   General circulation kim    
    Library of Congress Classification     Main Campus Library Main Campus Library 21/08/2014 2518.65   RM147 .B39 2008 2019/024467 21/08/2014 3018.65   General circulation kim    
    Library of Congress Classification     Main Campus Library Main Campus Library 21/08/2014 2518.65   RM147 .B39 2008 2019/024451 21/08/2014 3018.65   General circulation kim    
    Library of Congress Classification     Main Campus Library Main Campus Library 21/08/2014 2518.65   RM147 .B39 2008 2019/024453 21/08/2014 3018.65   General circulation kim    
    Library of Congress Classification     Main Campus Library Main Campus Library 21/08/2014 2518.65   RM147 .B39 2008 2019/024456 21/08/2014 3018.65   General circulation kim    
    Library of Congress Classification     Main Campus Library Main Campus Library 21/08/2014 2518.65   RM147 .B39 2008 2019/024454 21/08/2014 3018.65   General circulation kim    
    Library of Congress Classification     Main Campus Library Main Campus Library 22/08/2014 2518.65   RM147 .B39 2008 2019/024468 22/08/2014 3018.65   General circulation kim    
    Library of Congress Classification     SEHSS - Library SEHSS - Library 28/06/2016 2518.65   [EHS] RM 147 .B39 2008 2021/025753 28/06/2016 3018.65 28/06/2016 General circulation PM   General Stacks
    Library of Congress Classification     Wote Campus Library Wote Campus Library 16/04/2015 2518.65   RM147 .B39 2008 2019/024455 16/04/2015 3018.65 16/04/2015 General circulation     General Stacks
Kitui, Kenya.
+254736116989
library@seku.ac.ke